| 000 | 00418cam a22001331 4500 | ||
|---|---|---|---|
| 082 |
_a355 _bAUR _c34971 |
||
| 100 | 1 |
_aNewman, Aubrey S., _912639 |
|
| 245 | 1 | 0 |
_aWhat are generals made of? / _cAubrey S. "Red" Newman. |
| 260 |
_aNovato, CA : _bPresidio, _cc1987. |
||
| 300 |
_ax, 314 p., [20] p. of plates ; _bill. ; _c24 cm. |
||
| 526 |
_a0 _b0 _c0 _d355_000000000000000_AUR |
||
| 650 | 0 |
_aLeadership. _9300 |
|
| 942 |
_2ddc _cBK |
||
| 999 |
_c542659 _d542659 |
||